000 00763nam a2200205Ia 4500
005 20260121110026.0
008 008 260114s9999 xx 000 0 hin d
020 _a9788132358688
037 _aEBOOK
040 _aCRL
_bhin
_cCRL
041 _ahin
_2hin
084 _qCRL
100 _aप्रतीक अहुजा / Prateek Ahuja
_9941119
245 0 _aफ्लोरीकल्चर: फ़ूलों की कृषि एवं व्यवसायिक प्रयोग / Floriculture: Phoolon ki Krishi aur Vyavsayik Prayog
260 _bभाषा प्रकाशन / Bhasha Prakashan
_c2021
856 _uhttps://bhashaprakashan.com/product-details/382371
942 _cEBOOK
999 _c1532784
_d1532784